UK Parliament Constituencies of Greater London with a Map - Statistics

General Stats
  • This quiz has been taken 463 times
  • The average score is 37 of 73
Answers on the Map
Answers color-coded by a green-red scale on the quiz's map according to % correct below.
 
Answer Stats
Answer % Correct
Cities of London and Westminster
94%
Chelsea and Fulham
88%
Kensington
82%
Croydon Central
78%
Greenwich and Woolwich
74%
Ealing Central and Acton
72%
Kingston and Surbiton
72%
Hammersmith
71%
Dagenham and Rainham
69%
Brent Central
68%
Lewisham Deptford
68%
Bromley and Chislehurst
67%
Bermondsey and Old Southwark
66%
Wimbledon
65%
Islington South and Finsbury
64%
Tottenham
64%
Barking
63%
West Ham
63%
Battersea
60%
Islington North
60%
Uxbridge and South Ruislip
60%
East Ham
59%
Putney
59%
Finchley and Golders Green
58%
Holborn and St Pancras
56%
Ruislip, Northwood and Pinner
56%
Sutton and Cheam
56%
Twickenham
55%
Vauxhall
55%
Hackney North and Stoke Newington
52%
Hackney South and Shoreditch
52%
Tooting
52%
Brentford and Isleworth
51%
Camberwell and Peckham
51%
Hampstead and Kilburn
50%
Poplar and Limehouse
49%
Walthamstow
49%
Hornchurch and Upminster
48%
Mitcham and Morden
48%
Hayes and Harlington
47%
Richmond Park
47%
Bethnal Green and Bow
46%
Bexleyheath and Crayford
45%
Croydon South
45%
Orpington
44%
Romford
44%
Chingford and Woodford Green
43%
Hornsey and Wood Green
43%
Old Bexley and Sidcup
43%
Croydon North
42%
Enfield Southgate
41%
Harrow East
41%
Edmonton
40%
Erith and Thamesmead
40%
Harrow West
40%
Lewisham West and Penge
40%
Dulwich and West Norwood
39%
Enfield North
39%
Leyton and Wanstead
39%
Beckenham
38%
Ilford North
38%
Ilford South
38%
Hendon
37%
Carshalton and Wallington
36%
Ealing Southall
36%
Streatham
36%
Ealing North
34%
Brent North
32%
Chipping Barnet
32%
Feltham and Heston
32%
Eltham
31%
Lewisham East
30%
Westminster North
28%
No matching quizzes found
Score Distribution
Percent of People with Each Score
Percentile by Number Answered
Your Score History
You have not taken this quiz